Τα ζώα μαλώνουν

Saved in:
Bibliographic Details
Format: Book
Language:Greek
Published: Θεσσαλονίκη : Σύλλογος "Αγάπη για το παιδί", [20--;].
Series:Αγάπη για το παιδί
Subjects:
Tags: Add Tag
No Tags, Be the first to tag this record!

MARC

LEADER 00000cam a2200000 a 4500
001 1/117369
008 181015q20--####gr | ||| |||| ||gre||
040 |a GR-MyUa  |b gre  |c GR-MyUa  |e AACR2 
041 0 |a gre 
082 7 |a 808.068   |2 (23) 
245 0 3 |a Τα ζώα μαλώνουν /   |c Σύλλογος "Αγάπη για το παιδί".  
260 |a Θεσσαλονίκη :   |b Σύλλογος "Αγάπη για το παιδί",   |c [20--;]. 
300 |a 15 σ. :   |b εικ. ;   |c 29 εκ.  
490 1 |a (Αγάπη για το παιδί) 
650 0 |a Illustrated children's books  |z Greece. 
650 0 |a Picture books for children. 
655 7 |a Fairy tales  |2 lcgft 
830 0 |a Αγάπη για το παιδί 
852 |a INST  |b RHODES  |e 20181015  |h 808.068 ΖΩΑ  |p 005400040274  |q 005400040274  |t BK  |y 0 
970 |a Κωτάκου  |b Μαρία  |z 15-10-2018